000 00493 a2200169 4500
999 _c9484
_d9484
020 _a9789137000
050 0 0 _aKTL1771 MAY 1962
100 1 _aMay, Henry John.
_eeditor
245 1 0 _aSouth African cases and statutes on evidence /
_cby Henry John May.
250 _a4th ed.
264 _aCape town :
_bJuta and Company.,
_c1962
300 _axxxiv, 400 p. ;
500 _alncludes index
650 0 _aEvidence (Law)
942 _2lcc
_cBK
_h1771
_iMAY
_kKTL